Language Quiz

Random Language or French Quiz

French DR MRS VANDERTRAMP ETRE MEANINGS Quiz Stats

 Plays Quiz not verified by Sporcle

Also try: Words, Inc.
Challenge
Share
Tweet
Embed
Score 0/17 Timer 04:00
0 Plays Today
Hint Answer % Correct
allerto go
91.1%
mourirto die
88.9%
naitreto be born
88.9%
arriverto arrive
87.8%
entrerto enter
85.6%
tomberto fall
85.6%
partirto leave
85.6%
desendreto go down
84.4%
devenirto become
80%
Hint Answer % Correct
resterto stay
78.9%
venirto come
74.4%
rentrerto re enter
73.3%
monterto go up
71.1%
revenirto come back
57.8%
sortirto go out
46.7%
passerto pass by
41.1%
retournerto return oneself
33.3%

You're not logged in!

Compare scores with friends on all Sporcle quizzes.
OR
Log In

You Might Also Like...

Show Comments

Extras

Created Jan 30, 2015ReportNominate
Tags:French Quiz, être, mrs, vandertramp

Top Quizzes Today


Score Distribution

Your Account Isn't Verified!

In order to create a playlist on Sporcle, you need to verify the email address you used during registration. Go to your Sporcle Settings to finish the process.

Report this User

Report this user for behavior that violates our Community Guidelines.

Details: